| 000 | 01587nam a2200277Ia 4500 | ||
|---|---|---|---|
| 008 | 0000001998 sp ad 0000000000spa00 | ||
| 020 | _a8481561924 | ||
| 090 | _aPSP00 M67z | ||
| 100 | 1 | _aMoreno, Arsenio | |
| 245 | 1 | 0 |
_aZurbarán _c/ Arsenio Moreno |
| 300 |
_a133 p. _c/ 28 cm. |
||
| 500 | _aProyecto Ganador Programa Apoyos Concertados FGAA 2010 | ||
| 501 | _aLa obra de Zurbarán | ||
| 505 | _aOBRAS : San Ambrosio Cristo crucificado San Serupio EXposición pública del cuerpo de San Buenaventura Inmaculada Concepción Santa Isabel de Portugal San Gabriel Apoteosis de Santo Tomás de Aquino Inmaculada Bodegón Santa Margarita de Antioquia Defensa de Cádiz frente a los ingleses Cristo y la Virgen en la casa de Nazareth Agnus Dei Adoración de los Pastores Adoración de los Reyes Magos Beato Houghnon El Bienaventurado Cardenal Nicolás Albergati La Casa de Emaús Fray Gonzalo de Illescas Aparición de Cristo a Fray Andrés Salmerón San Lorenzo Martirio de Santiago La Virgen de los Cartujos San Francisco de Asis en oración Santa Faz San Francisco en meditación La Virgen y el Niño con San Juan Bautista | ||
| 600 | 0 | 0 |
_aZURBARAN, FRANCISCO DE, 15981664/ _xTRABAJOS PICTORICOS |
| 650 | 1 | 4 | _aARTE ESPAÑOL |
| 650 | 1 | 4 | _aARTISTAS PLASTICOS ESPAÑOLES |
| 650 | 1 | 4 | _xCATALOGOS |
| 650 | 1 | 4 | _aHISTORIA 00 |
| 650 | 1 | 4 | _aPINTORES ESPAÑOLES |
| 650 | 1 | 4 | _aPINTURA AL OLEO |
| 650 | 1 | 4 | _aPINTURA ESPAÑOLA |
| 650 | 1 | 4 | _aPINTURA ESPAÑOLA |
| 650 | 1 | 4 | _aPINTURA RELIGIOSA ESPAÑOLA |
| 999 |
_c12919 _d12919 |
||
| 260 |
_aMadrid : Electa _c1998 |
||